000
00269nam a22001337a 4500
999
_c
54961
_d
54961
008
200121b ||||| |||| 00| 0 eng d
041
_a
eng
080
_a
510
082
_a
510
100
_a
36
101
_a
MAT
245
_a
Matematika
_c
Sedvic,M
942
_2
udc
_c
BK